000 00809nam a2200253Ia 4500
003 OSt
005 20220918111950.0
006 a|||||r|||| 00| 0
007 ta
008 220915b |||||||| |||| 00| 0 hin d
024 _a188646
037 _cTextbook
040 _bhin
_aARTS
_cARTS
041 _ahin
082 _aO152,1J32:g, L7
100 _aत्रिपाठी, राममूर्ति
_91697
245 0 _aआगम और तुलसी
246 _aĀgam aur tulasī
260 _aदिल्ली
_bमैकमिलन भारत
_c1977
300 _a190 पृ0
_ccm.
650 _aहिन्दी साहित्य
942 _hO152,1J32:g, L7
_cTB
_2CC
999 _c117580
_d117580